| 000 | 00806nam a2200289Ia 4500 | ||
|---|---|---|---|
| 001 | Para_6107 | ||
| 003 | CHAP | ||
| 008 | 220125s1971 xx 000 0 und d | ||
| 010 | _a204887 | ||
| 040 | _cCHAP | ||
| 082 | _aPA 589.9 B7y | ||
| 100 |
_aBryan, Arthur H. _915822 |
||
| 245 |
_aBacteriología : _b principios y prácticas / _c por Arthur H. Bryan, Charles A. Bryan y Charles G. Bryan |
||
| 260 |
_aMéxico : _b CECSA |
||
| 300 | _a595 p. | ||
| 650 |
_aBacteriología _99330 |
||
| 650 |
_aMicrobiología _975490 |
||
| 700 |
_aBryan, Charles A. _9170823 |
||
| 700 |
_aBryan, Charles G. _915823 |
||
| 901 | _aPA 589.9 B7Y | ||
| 902 | _aA | ||
| 905 | _a0000001971 a 0000000000 00 | ||
| 910 | _a1971 | ||
| 942 | _cPARA | ||
| 942 |
_cPARA _d1 |
||
| 999 |
_c204887 _d204887 |
||